000 00802cam a22002531 4500
001 0000004832
005 20170406120134.0
008 740514s1967 maua b 000 0 eng
010 _a 67010547
035 _9(DLC) 67010547
040 _aDLC
_cDLC
_dDLC
050 0 0 _aQC879.5
_b.H9
082 0 0 _a551.6/354
100 1 _aHubert, Lester F.
245 1 0 _aWeather satellites /
_c[by] Lester F. Hubert [and] Paul E. Lehr.
260 _aWaltham, Mass. :
_bBlaisdell Pub. Co.,
_c[1967]
300 _avii, 120 p. :
_billus. ;
_c21 cm.
490 0 _aA Blaisdell book in the pure and applied sciences
504 _aBibliography: p. 118.
650 0 _aAstronautics in meteorology.
650 0 _aMeteorological satellites.
700 1 _aLehr, Paul E.,
_ejoint author.
908 _a141121
999 _c4642
_d4642